What are the Five U.S States with Nukes - Statistics

General Stats
  • This quiz has been taken 23 times
  • The average score is 4 of 5
Answer Stats
Hint Answer % Correct
4. Washington
89%
1. Montana
83%
2. North Dakota
67%
3. Wyoming
67%
5. Georgia
50%
No matching quizzes found
Score Distribution
Percent of People with Each Score
Percentile by Number Answered
Your Score History
You have not taken this quiz